000
00406nam a22001697a 4500
003
MPLRDC
005
20220104113613.0
008
210129b ||||| |||| 00| 0 eng d
082
_a
848.1 LYT-18
100
_a
林语堂等著
245
_a
林语堂生活与思想
_c
260
_a
_b
大东书局
_c
1966
300
_b
平
490
_a
幽默大师
650
_a
现代别集
942
_c
BK
_o
848.1 LYT-18
999
_c
911
_d
901